Toutes les nations ayant participé à la Coupe du Monde - Statistiques

Statistiques générales
  • Ce quiz a été pris 79 fois
  • Le résultat moyen est 65 sur 78
Statistiques - réponses
Nation Nombre de participations Victoire(s) Finale(s) disputé(s) % Correct
Brésil 22 5 7
100%
France 16 2 4
100%
Allemagne 20 4 8
99%
Suède 12 1
99%
Espagne 16 1 1
97%
Portugal 8
97%
Uruguay 14 2 2
97%
Angleterre 16 1 1
96%
Argentine 18 3 6
96%
Italie 18 4 6
96%
Japon 7
96%
Russie 11
95%
Algérie 4
93%
Australie 6
93%
Corée du Sud 11
93%
Etats Unis 11
93%
Maroc 6
93%
Mexique 17
93%
Norvège 3
93%
Suisse 12
93%
Afrique du Sud 3
92%
Canada 2
92%
Egypte 3
92%
Tunisie 6
92%
Belgique 14
91%
Irlande 3
91%
Pays Bas 11 3
91%
Chili 9
89%
Chine 1
89%
Colombie 6
89%
Danemark 6
89%
Pologne 9
89%
Arabie Saoudite 6
88%
Croatie 6 1
88%
Hongrie 9 2
88%
Autriche 8
87%
Nouvelle-Zélande 2
87%
Turquie 2
87%
Cameroun 8
86%
Sénégal 3
86%
Qatar 1
84%
Serbie 13
84%
Grèce 3
83%
Paraguay 8
83%
RD Congo 1
83%
Roumanie 7
83%
Ukraine 1
83%
Slovaquie 1
82%
Islande 1
80%
République Tchèque 9 2
80%
Slovénie 2
80%
Côte d'Ivoire 3
79%
Ecosse 8
79%
Iran 6
79%
Pérou 5
79%
Bosnie 1
78%
Corée du Nord 2
78%
Equateur 4
78%
Pays de Galles 2
78%
Ghana 4
76%
Bulgarie 7
75%
Costa Rica 6
75%
Panama 1
75%
Cuba 1
74%
Honduras 3
74%
Bolivie 3
72%
Jamaique 1
72%
Nigéria 6
72%
Irak 1
71%
Israel 1
67%
Irlande du Nord 3
63%
Haïti 1
62%
Togo 1
61%
Salvador 2
49%
Emirats Arabes Unis 1
46%
Koweit 1
46%
Angola 1
45%
Trinité et Tobago 1
43%
Aucun quiz correspondant
Distribution des résultats
% des personnes avec chaque résultat
Percentile par nombre de réponses
Votre historique - résultats
Vous n’avez pas pris ce quiz